000 01122nam a22003017a 4500
001 6056
003 FISKH
005 20250303152350.0
008 250303b cb ||||| |||| 00| 0 eng d
020 _a9780140384796
040 _aFISKH
_beng
_cFISKH
_dFISKH
050 _aPZ7.
082 _a823.9
100 _aCastor, Harriet
_d(1970-)
245 _aBallet magic /
_cHarriet Castor ; Illustrated by Chris Fisher
250 _aThis edition published in 1999
260 _aLondon :
_bPuffin,
_c1999.
300 _a60 pages :
_bcolor illustrations ;
_c20 cm
505 _aP
520 _aJess doesn't think she's going to like ballet - but then she meets her teachers, the magical Miss Ethel and Miss Angelica Twirl. Suddenly she realises that ballet could be much more fun than she ever imagined! With simple words and sentences and pictures throughout, this book is great for developing readers.
521 8 _a650
_bLexile
521 8 _aP
_bRaz-Plus
650 _2Junior
_aFiction
650 _2No tags
_aY9 Year 3
700 _aFisher, Chris
_dillustrator
942 _2ddc
_cBK
_n0
999 _c6056
_d6056